[Event "23. Erfurter Schachfestival 2013 / Meis"]
[Site "Erfurt"]
[Date "2013.12.29"]
[Round "6.3"]
[White "Abel, Dennes"]
[Black "Schoene, Maria"]
[Result "1/2-1/2"]
[WhiteElo "2423"]
[BlackElo "2223"]
[PlyCount "99"]
[EventDate "2013.12.26"]
[EventRounds "8"]
[EventCountry "GER"]

1. b3 Nf6 2. Bb2 g6 3. Bxf6 exf6 4. e3 Bg7 5. Nf3 O-O 6. Be2 d5 7. d4 f5 8. O-O
Nd7 9. Nbd2 Nf6 10. Rc1 Be6 11. c4 c6 12. b4 dxc4 13. Bxc4 Bxc4 14. Nxc4 Re8
15. g3 Ne4 16. a3 g5 17. Nfe5 Re6 18. Qf3 Nd6 19. Nxd6 Qxd6 20. Nd3 Rf6 21. Rc5
Qd7 22. Rfc1 g4 23. Qg2 Bf8 24. R5c3 Bd6 25. Nc5 Qe7 26. b5 cxb5 27. Nxb7 Rf8
28. Nxd6 Rxd6 29. Rc7 Rd7 30. R7c5 a6 31. R1c3 Kh8 32. Re5 Qxe5 33. dxe5 Rd1+
34. Qf1 Rxf1+ 35. Kxf1 Re8 36. Rc5 Kg7 37. Ke2 Re6 38. Kd3 Rh6 39. Rc7 Kg8 40.
Ke2 Rxh2 41. Rc6 Rh1 42. Rxa6 Ra1 43. e6 fxe6 44. Rxe6 Ra2+ 45. Kf1 Rxa3 46.
Re5 b4 47. Rxf5 b3 48. Rb5 Ra1+ 49. Ke2 Ra2+ 50. Kf1 1/2-1/2

[Event "23. Erfurter Schachfestival 2013 / Meis"]
[Site "Erfurt"]
[Date "2013.12.29"]
[Round "6.4"]
[White "Klein, Felix"]
[Black "Seger, Ruediger"]
[Result "1/2-1/2"]
[WhiteElo "2263"]
[BlackElo "2374"]
[PlyCount "81"]
[EventDate "2013.12.26"]
[EventRounds "8"]
[EventCountry "GER"]

1. e4 c6 2. d4 d5 3. Nc3 dxe4 4. Nxe4 Bf5 5. Ng3 Bg6 6. h4 h6 7. Nf3 Nd7 8. h5
Bh7 9. Bd3 Bxd3 10. Qxd3 e6 11. Bd2 Ngf6 12. O-O-O Be7 13. Kb1 O-O 14. Ne4 Nxe4
15. Qxe4 Nf6 16. Qe2 Qd5 17. Be3 Ng4 18. Bc1 Rfd8 19. Ne5 Nxe5 20. dxe5 Qb5 21.
Qxb5 cxb5 22. Be3 b6 23. Kc1 Kf8 24. Rxd8+ Bxd8 25. Rd1 Bc7 26. f4 Ke7 27. Rd3
f6 28. exf6+ gxf6 29. Bd2 Rg8 30. g3 Bd6 31. Kd1 Rc8 32. Bc3 Rc6 33. a3 a5 34.
Bd2 Rc5 35. g4 Rc4 36. Rf3 e5 37. g5 fxg5 38. fxg5 Rh4 39. gxh6 Rxh5 40. Ke2
Ke6 41. Rf2 1/2-1/2

[Event "23. Erfurter Schachfestival 2013 / Meis"]
[Site "Erfurt"]
[Date "2013.12.29"]
[Round "6.5"]
[White "Wichmann, Cliff"]
[Black "Smerdon, David"]
[Result "1-0"]
[WhiteElo "2361"]
[BlackElo "2523"]
[PlyCount "83"]
[EventDate "2013.12.26"]
[EventRounds "8"]
[EventCountry "GER"]

1. d4 e6 2. c4 f5 3. g3 Nf6 4. Bg2 Be7 5. Nd2 O-O 6. Qc2 d6 7. Ngf3 Nc6 8. O-O
Qe8 9. d5 exd5 10. cxd5 Nxd5 11. Re1 Qf7 12. a3 a5 13. e3 Bf6 14. e4 Nb6 15.
exf5 Qh5 16. Ne4 Bxf5 17. Qb3+ d5 18. Nxf6+ Rxf6 19. Bf4 a4 20. Qb5 Bd7 21. Qd3
Raf8 22. Ne5 Be6 23. Rac1 Nxe5 24. Bxe5 Rxf2 25. Bd4 Bf5 26. Rxc7 Nd7 27. Bxd5+
Kh8 28. Bxg7+ Kxg7 29. Qd4+ Kg6 30. Qxf2 Qg5 31. Be6 Bd3 32. Qd4 Qd2 33. Qg4+
Kh6 34. Qh4+ Kg6 35. g4 Nf6 36. Bf5+ Bxf5 37. gxf5+ Kxf5 38. Rf1+ Kg6 39. Qg3+
Kh6 40. Qg7+ Kh5 41. Rf5+ Kh4 42. Qg3# 1-0

[Event "23. Erfurter Schachfestival 2013 / Meis"]
[Site "Erfurt"]
[Date "2013.12.29"]
[Round "6.6"]
[White "Schumacher, Gottfried"]
[Black "Jaracz, Pawel"]
[Result "0-1"]
[WhiteElo "2178"]
[BlackElo "2503"]
[PlyCount "48"]
[EventDate "2013.12.26"]
[EventRounds "8"]
[EventCountry "GER"]

1. d4 Nf6 2. Nf3 d5 3. c4 c6 4. e3 Bg4 5. Nc3 e6 6. Qb3 Qb6 7. c5 Qc7 8. Ne5
Bf5 9. Be2 h6 10. Bd2 Nbd7 11. f4 Be7 12. g4 Bh7 13. h4 Nxe5 14. fxe5 Ne4 15.
Bf3 Nxd2 16. Kxd2 f6 17. exf6 Bxf6 18. g5 hxg5 19. hxg5 Bxg5 20. Rag1 Bh6 21.
Bh5+ Ke7 22. Be2 Raf8 23. Qa4 a6 24. Qd1 Bxe3+ 0-1

[Event "23. Erfurter Schachfestival 2013 / Meis"]
[Site "Erfurt"]
[Date "2013.12.29"]
[Round "6.7"]
[White "Schneider, Ilja"]
[Black "Koepke, Christian"]
[Result "0-1"]
[WhiteElo "2511"]
[BlackElo "2347"]
[PlyCount "142"]
[EventDate "2013.12.26"]
[EventRounds "8"]
[EventCountry "GER"]

1. d4 Nf6 2. Bg5 Ne4 3. Bf4 c5 4. f3 Nf6 5. dxc5 b6 6. e4 bxc5 7. Bb5 Bb7 8.
Nc3 Nc6 9. Nge2 d6 10. e5 dxe5 11. Qxd8+ Rxd8 12. Bxe5 e6 13. Bc7 Rd7 14. Bg3
Be7 15. Bf2 a6 16. Ba4 O-O 17. O-O Rc8 18. Rfd1 Rdd8 19. Rxd8+ Rxd8 20. Rd1
Rxd1+ 21. Nxd1 Kf8 22. Nc1 Nd7 23. c3 Ke8 24. Ne3 Nce5 25. f4 Bc6 26. Bc2 Ng6
27. f5 exf5 28. Nxf5 Bf8 29. Bd3 Bb5 30. Be4 Nge5 31. Ne3 Bc6 32. Bxc6 Nxc6 33.
Nd5 Kd8 34. Kf1 Kc8 35. Nb3 Nce5 36. Ke2 Nc4 37. Bg3 Nxb2 38. Nc7 Kb7 39. Nd2
Na4 40. Kd3 Nab6 41. Nc4 Nxc4 42. Kxc4 Nb6+ 43. Kd3 a5 44. c4 Kc6 45. Nb5 f5
46. Bc7 g6 47. h3 Bg7 48. Bxb6 Kxb6 49. Ke3 Be5 50. a4 Kc6 51. Na7+ Kd7 52. Kf3
Ke6 53. Nc6 Bc7 54. Ke3 h5 55. Na7 Bb6 56. Nc8 Bd8 57. Na7 Bc7 58. Nb5 Be5 59.
Na7 g5 60. Nc6 Bc7 61. Na7 Ke5 62. Nb5 Bb8 63. g3 Ke6 64. Kf3 g4+ 65. hxg4
fxg4+ 66. Kf2 Kf5 67. Nc3 Be5 68. Nb1 Ke4 69. Nd2+ Kd3 70. Nb3 Bd4+ 71. Ke1
Bc3+ 0-1

[Event "23. Erfurter Schachfestival 2013 / Meis"]
[Site "Erfurt"]
[Date "2013.12.29"]
[Round "6.8"]
[White "Hovsepyan, Vardan"]
[Black "Meister, Jakob"]
[Result "0-1"]
[WhiteElo "2026"]
[BlackElo "2492"]
[PlyCount "82"]
[EventDate "2013.12.26"]
[EventRounds "8"]
[EventCountry "GER"]

1. d4 d5 2. Nf3 Bf5 3. e3 e6 4. Be2 Nd7 5. Nbd2 Bd6 6. c4 c6 7. O-O g5 8. cxd5
exd5 9. Qb3 g4 10. Ne5 Nxe5 11. dxe5 Bxe5 12. e4 Be6 13. Qxb7 Ne7 14. exd5 cxd5
15. Nb3 O-O 16. Bg5 f6 17. Bd2 Qd7 18. Qa6 Bf5 19. Bc3 Qc7 20. Bxe5 fxe5 21.
Qh6 Rf7 22. Rac1 Qb6 23. Qd2 Raf8 24. Nc5 Rd8 25. b4 Kh8 26. b5 Ng6 27. g3 d4
28. Bc4 Rff8 29. Na4 Qd6 30. Bb3 e4 31. Rc6 Qe7 32. Qc1 Ne5 33. Rc7 Qf6 34.
Rxa7 Nf3+ 35. Kh1 e3 36. fxe3 Be4 37. Nc5 Qh6 38. Rxf3 Bxf3+ 39. Kg1 Qxe3+ 40.
Qxe3 dxe3 41. Nd7 Rc8 0-1

[Event "23. Erfurter Schachfestival 2013 / Meis"]
[Site "Erfurt"]
[Date "2013.12.29"]
[Round "6.9"]
[White "Weeks, Manuel"]
[Black "Kalinitschew, Sergey"]
[Result "0-1"]
[WhiteElo "2181"]
[BlackElo "2444"]
[PlyCount "78"]
[EventDate "2013.12.26"]
[EventRounds "8"]
[EventCountry "GER"]

1. e4 g6 2. d4 Bg7 3. Nc3 d6 4. Nf3 a6 5. a4 b6 6. Bc4 e6 7. O-O Ne7 8. Be3 Bb7
9. Qd2 h6 10. Rad1 Nd7 11. Be2 Nf6 12. Bd3 g5 13. h3 Rg8 14. Nh2 d5 15. e5 Ne4
16. Qe1 Qd7 17. f4 Nf5 18. fxg5 Nxg5 19. Bxg5 hxg5 20. Qf2 Nh6 21. Qg3 Qe7 22.
Ng4 Nxg4 23. Qxg4 O-O-O 24. Rf2 Kb8 25. Rdf1 Rdf8 26. Qe2 Ka7 27. Nd1 c5 28. c3
cxd4 29. cxd4 f5 30. exf6 Rxf6 31. Qg4 Rh6 32. Re2 Rh4 33. Qxe6 Bxd4+ 34. Nf2
Qxe6 35. Rxe6 g4 36. hxg4 Rgh8 37. g3 Rh1+ 38. Kg2 R8h2+ 39. Kf3 Rxf1 0-1

[Event "23. Erfurter Schachfestival 2013 / Meis"]
[Site "Erfurt"]
[Date "2013.12.29"]
[Round "6.10"]
[White "Brueggemann, Joachim"]
[Black "Hundack, Rolf"]
[Result "1/2-1/2"]
[WhiteElo "2329"]
[BlackElo "2243"]
[PlyCount "170"]
[EventDate "2013.12.26"]
[EventRounds "8"]
[EventCountry "GER"]

1. e4 e5 2. Nf3 Nc6 3. Bb5 g6 4. d4 exd4 5. Bg5 Be7 6. Bxe7 Qxe7 7. Bxc6 dxc6
8. Qxd4 Nf6 9. Nc3 Bg4 10. O-O-O Bxf3 11. gxf3 O-O 12. f4 Nh5 13. f5 a5 14.
fxg6 hxg6 15. Qe3 Qe5 16. Rdg1 Qf4 17. Qxf4 Nxf4 18. Rg4 Nh5 19. e5 Rfe8 20. f4
Ng7 21. Ne4 Kf8 22. Rh4 Ke7 23. Rh7 Ne6 24. Nf6 Rh8 25. Rd1 Rxh7 26. Rd7+ Kf8
27. Nxh7+ Kg7 28. Ng5 Nxg5 29. fxg5 Re8 30. Rxc7 Rxe5 31. h4 Re4 32. Rxb7 Rxh4
33. Ra7 a4 34. b3 axb3 35. cxb3 Rg4 36. Ra5 Kf8 37. Re5 Rf4 38. a4 f6 39. gxf6
Rxf6 40. a5 Kg7 41. Rc5 Kf7 42. a6 Ke7 43. a7 Rf8 44. Rxc6 Kd7 45. Rxg6 Kc7 46.
Rg7+ Kb6 47. Kb2 Ra8 48. Ka3 Rf8 49. Kb4 Rf4+ 50. Kc3 Rf3+ 51. Kd4 Rf4+ 52. Ke5
Rf8 53. Kd6 Rh8 54. Rd7 Rh6+ 55. Ke7 Rh7+ 56. Ke8 Rh8+ 57. Kf7 Ra8 58. Ke6 Rh8
59. Re7 Rd8 60. Ke5 Ra8 61. Kd5 Rd8+ 62. Kc4 Rc8+ 63. Kb4 Rh8 64. Ka4 Rh4+ 65.
b4 Rh8 66. Re6+ Kxa7 67. Ka5 Rh7 68. b5 Rg7 69. Kb4 Kb7 70. Rd6 Rg4+ 71. Ka5
Rg7 72. Rf6 Rh7 73. Rf5 Rg7 74. Rh5 Rf7 75. Kb4 Rc7 76. Ka5 Rg7 77. Rh6 Rf7 78.
Rb6+ Ka7 79. Rc6 Kb7 80. Kb4 Rf4+ 81. Rc4 Rf7 82. Kc5 Rc7+ 83. Kd5 Rd7+ 84. Ke6
Rd1 85. Rc6 Rb1 1/2-1/2

[Event "23. Erfurter Schachfestival 2013 / Meis"]
[Site "Erfurt"]
[Date "2013.12.29"]
[Round "7.1"]
[White "Kasparov, Sergey"]
[Black "Richter, Michael"]
[Result "1/2-1/2"]
[WhiteElo "2487"]
[BlackElo "2461"]
[PlyCount "136"]
[EventDate "2013.12.26"]
[EventRounds "8"]
[EventCountry "GER"]

1. e4 e6 2. d4 d5 3. Nd2 Nc6 4. Ngf3 Nf6 5. e5 Nd7 6. Be2 f6 7. exf6 Qxf6 8.
Nf1 Bd6 9. Ne3 O-O 10. O-O Qg6 11. c3 Nf6 12. Bd3 Qh5 13. Be2 Qg6 14. h3 Bd7
15. Bd3 Qh5 16. Re1 Rae8 17. Nf1 Kh8 18. Ng3 Qf7 19. Ng5 Qg8 20. f4 Ne7 21. Bd2
Nf5 22. Nf1 h6 23. Nf3 Bc6 24. N1h2 Qf7 25. Ng4 Nxg4 26. hxg4 Ng3 27. Ne5 Bxe5
28. Rxe5 g5 29. fxg5 Qf2+ 30. Kh2 Ne4 31. Be1 Qf4+ 32. g3 Qe3 33. Qe2 Qxe2+ 34.
Bxe2 Nxg5 35. Kg2 Nf7 36. Rh5 Kg7 37. Bf2 a6 38. Be3 Bb5 39. Re1 Bxe2 40. Rxe2
Kg6 41. Bf4 c6 42. a4 Rg8 43. Re1 Kf6 44. Bxh6 Rxg4 45. Bf4 Rg7 46. Kf3 Ke7 47.
Reh1 Rf8 48. Kg2 Rfg8 49. a5 Kd7 50. Rh7 c5 51. Rxg7 Rxg7 52. Ra1 c4 53. Ra4
Nd8 54. Ra1 Nc6 55. Kf3 Ke7 56. g4 Rh7 57. Bg5+ Kf7 58. Kg3 Kg6 59. Bf4 Re7 60.
Bd6 Rd7 61. Bf4 Re7 62. Kf3 Rh7 63. Re1 Re7 64. Ra1 Rh7 65. Kg3 Re7 {
Stellungswiederholung} 66. Kf3 {Stellungswiederholung} Rh7 {
Stellungswiederholung} 67. Kg3 {Stellungswiederholung} Re7 {
Stellungswiederholung} 68. Kf3 {Stellungswiederholung} Rh7 {
Stellungswiederholung} 1/2-1/2

[Event "23. Erfurter Schachfestival 2013 / Meis"]
[Site "Erfurt"]
[Date "2013.12.29"]
[Round "7.2"]
[White "Seger, Ruediger"]
[Black "Jaracz, Pawel"]
[Result "1/2-1/2"]
[WhiteElo "2374"]
[BlackElo "2503"]
[PlyCount "34"]
[EventDate "2013.12.26"]
[EventRounds "8"]
[EventCountry "GER"]

1. e4 c5 2. c3 Nf6 3. e5 Nd5 4. d4 cxd4 5. Nf3 e6 6. cxd4 d6 7. Bc4 Be7 8. O-O
O-O 9. Qe2 b6 10. Bd2 Bb7 11. Nc3 Nxc3 12. Bxc3 Nd7 13. Rfd1 dxe5 14. d5 exd5
15. Bxd5 Qc7 16. Nxe5 Bxd5 17. Rxd5 Nf6 1/2-1/2

[Event "23. Erfurter Schachfestival 2013 / Meis"]
[Site "Erfurt"]
[Date "2013.12.29"]
[Round "7.3"]
[White "Meister, Jakob"]
[Black "Zwahr, Paul"]
[Result "1-0"]
[WhiteElo "2492"]
[BlackElo "2374"]
[PlyCount "117"]
[EventDate "2013.12.26"]
[EventRounds "8"]
[EventCountry "GER"]

1. e4 e5 2. Nf3 Nc6 3. Bb5 Nf6 4. Qe2 Bc5 5. c3 O-O 6. d3 d6 7. Nbd2 a6 8. Ba4
Ba7 9. Bb3 Ne7 10. Nh4 c6 11. h3 Nd7 12. Ndf3 Nc5 13. Bc2 Ne6 14. Be3 Ng6 15.
Nxg6 hxg6 16. d4 exd4 17. cxd4 Qa5+ 18. Bd2 Qd8 19. Qd3 Qf6 20. Be3 Bd7 21. Qd2
c5 22. d5 Nd4 23. Nxd4 cxd4 24. Bg5 Qe5 25. Bf4 Qf6 26. Bd3 Rfc8 27. O-O Rc5
28. Bg5 Qe5 29. Rfe1 Rac8 30. Bf4 Qe7 31. a4 f6 32. Bg3 g5 33. f4 gxf4 34. Qxf4
Ra5 35. Qh4 g5 36. Qh6 Qg7 37. Qxg7+ Kxg7 38. Bxd6 Rxa4 39. Rad1 Bb8 40. Bxb8
Rxb8 41. e5 fxe5 42. Rxe5 Kf6 43. Re2 Re8 44. Rf1+ Kg7 45. Ref2 Rd8 46. Rf7+
Kg8 47. Re7 Bb5 48. Bh7+ Kh8 49. Rff7 Ra1+ 50. Kh2 Rf1 51. Bf5 Rxf5 52. Rxf5 d3
53. d6 Bc4 54. Re4 Rxd6 55. Rxc4 d2 56. Rxg5 d1=Q 57. Rh4+ Qh5 58. Rhxh5+ Rh6
59. Rxh6# 1-0

[Event "23. Erfurter Schachfestival 2013 / Meis"]
[Site "Erfurt"]
[Date "2013.12.29"]
[Round "7.4"]
[White "Koepke, Christian"]
[Black "Abel, Dennes"]
[Result "0-1"]
[WhiteElo "2347"]
[BlackElo "2423"]
[PlyCount "68"]
[EventDate "2013.12.26"]
[EventRounds "8"]
[EventCountry "GER"]

1. e4 c6 2. c4 d5 3. exd5 cxd5 4. cxd5 Nf6 5. Nc3 Nxd5 6. Nf3 g6 7. Qb3 Nb6 8.
Bb5+ Bd7 9. Ne5 e6 10. d4 Nc6 11. Ne4 Bb4+ 12. Kf1 Be7 13. Bh6 Nxe5 14. Bg7 Rg8
15. Bxe5 Bxb5+ 16. Qxb5+ Qd7 17. Qe2 Nd5 18. h4 f6 19. Bh2 Rc8 20. Rd1 Rc6 21.
g4 h6 22. g5 f5 23. Nc3 hxg5 24. hxg5 Rxc3 25. bxc3 Nxc3 26. Qd3 Nxd1 27. Qxd1
Rh8 28. Qf3 Qxd4 29. Qxb7 Qd3+ 30. Kg2 Qh3+ 31. Kg1 Rh5 32. Bg3 Qxh1+ 33. Qxh1
Rxh1+ 34. Kxh1 Bxg5 0-1

[Event "23. Erfurter Schachfestival 2013 / Meis"]
[Site "Erfurt"]
[Date "2013.12.29"]
[Round "7.5"]
[White "Lubbe, Nikolas"]
[Black "Wichmann, Cliff"]
[Result "1/2-1/2"]
[WhiteElo "2426"]
[BlackElo "2361"]
[PlyCount "39"]
[EventDate "2013.12.26"]
[EventRounds "8"]
[EventCountry "GER"]

1. e4 e6 2. d4 d5 3. Nc3 Nf6 4. e5 Nfd7 5. f4 c5 6. Nf3 Nc6 7. Ne2 b5 8. Be3
Qb6 9. a3 a5 10. Nc3 Ba6 11. a4 cxd4 12. Nxd4 bxa4 13. Bxa6 Nxd4 14. Qxd4 Qxa6
15. Qxa4 Bb4 16. Kf2 Bxc3 17. bxc3 Qc8 18. Qa3 f6 19. Rhf1 Kf7 20. Kg1 1/2-1/2

[Event "23. Erfurter Schachfestival 2013 / Meis"]
[Site "Erfurt"]
[Date "2013.12.29"]
[Round "7.6"]
[White "Kalinitschew, Sergey"]
[Black "Klein, Felix"]
[Result "1-0"]
[WhiteElo "2444"]
[BlackElo "2263"]
[PlyCount "47"]
[EventDate "2013.12.26"]
[EventRounds "8"]
[EventCountry "GER"]

1. d4 d5 2. c4 e6 3. Nc3 c6 4. e3 Nd7 5. Qc2 Bd6 6. Nf3 f5 7. cxd5 exd5 8. Qxf5
Ne5 9. Qc2 Nxf3+ 10. gxf3 Qh4 11. e4 dxe4 12. fxe4 Bg4 13. Be2 Bh3 14. Rg1 Be6
15. Be3 Qxh2 16. O-O-O Bf4 17. Rxg7 Bxe3+ 18. fxe3 Ne7 19. d5 Qe5 20. Rdg1 cxd5
21. R1g5 Qd6 22. exd5 Bxd5 23. Bh5+ Kd8 24. Rxe7 1-0

[Event "23. Erfurter Schachfestival 2013 / Meis"]
[Site "Erfurt"]
[Date "2013.12.29"]
[Round "7.7"]
[White "Schoene, Maria"]
[Black "Levushkina, Elena"]
[Result "1/2-1/2"]
[WhiteElo "2223"]
[BlackElo "2284"]
[PlyCount "59"]
[EventDate "2013.12.26"]
[EventRounds "8"]
[EventCountry "GER"]

1. e4 e5 2. Nf3 Nf6 3. Nxe5 d6 4. Nf3 Nxe4 5. d4 d5 6. Bd3 Bd6 7. O-O O-O 8.
Re1 Bf5 9. c4 c6 10. c5 Bc7 11. Nc3 Nxc3 12. bxc3 Bxd3 13. Qxd3 Nd7 14. Bg5 f6
15. Bd2 Re8 16. c4 Nf8 17. Rxe8 Qxe8 18. cxd5 cxd5 19. Qb3 Qd7 20. Re1 Ng6 21.
g3 Rb8 22. Kg2 Ne7 23. Qd3 Nc6 24. Nh4 b6 25. cxb6 Bxb6 26. Bc3 Re8 27. Qf5 Rd8
28. Qd3 Re8 29. Qf5 Rd8 30. Qd3 1/2-1/2

[Event "23. Erfurter Schachfestival 2013 / Meis"]
[Site "Erfurt"]
[Date "2013.12.29"]
[Round "7.8"]
[White "Ackermann, Hans Werner"]
[Black "Krauss, Josef"]
[Result "1-0"]
[WhiteElo "2280"]
[BlackElo "2185"]
[PlyCount "103"]
[EventDate "2013.12.26"]
[EventRounds "8"]
[EventCountry "GER"]

1. b3 d5 2. Bb2 Nf6 3. e3 Bf5 4. Nf3 h6 5. d3 e6 6. Nbd2 Bh7 7. g3 Be7 8. Bg2
O-O 9. Qe2 c5 10. e4 Nc6 11. O-O Qc7 12. Rfc1 Rfd8 13. a3 a6 14. exd5 Rxd5 15.
a4 Rdd8 16. Nc4 Nd4 17. Nxd4 cxd4 18. a5 Bc5 19. Ra4 Qe7 20. h3 Rab8 21. Qd2
Nd5 22. Qe1 f6 23. Kh2 Bg6 24. Bf3 Qd7 25. Kg2 Rf8 26. Qe2 Rbe8 27. Bh5 Bf7 28.
Bxf7+ Rxf7 29. Kh2 e5 30. Re1 Rfe7 31. Qh5 Kh7 32. Raa1 g6 33. Qh4 Qf5 34. Kg2
e4 35. Qg4 Qxg4 36. hxg4 e3 37. fxe3 Nxe3+ 38. Nxe3 Rxe3 39. Rxe3 Rxe3 40. Kf2
Re6 41. Ra4 Rd6 42. Rc4 Rd5 43. b4 Bd6 44. Bxd4 f5 45. gxf5 Rxf5+ 46. Kg2 Rg5
47. Bf2 Rd5 48. Re4 Kg7 49. Be1 Kf7 50. Bd2 g5 51. d4 Kf6 52. c4 1-0

[Event "23. Erfurter Schachfestival 2013 / Meis"]
[Site "Erfurt"]
[Date "2013.12.29"]
[Round "7.9"]
[White "Hundack, Rolf"]
[Black "Zimm, Justus"]
[Result "1-0"]
[WhiteElo "2243"]
[BlackElo "2033"]
[PlyCount "111"]
[EventDate "2013.12.26"]
[EventRounds "8"]
[EventCountry "GER"]

1. c4 Nf6 2. Nc3 d5 3. cxd5 Nxd5 4. g3 g6 5. Bg2 Nb6 6. Nf3 Bg7 7. O-O Nc6 8.
d3 O-O 9. Be3 e5 10. a3 Nd4 11. Nd2 c6 12. b4 Be6 13. Nde4 Nd5 14. Bd2 Nxc3 15.
Bxc3 Bb3 16. Qd2 Bd5 17. Qb2 f5 18. Nc5 b6 19. Bxd5+ Qxd5 20. Bxd4 exd4 21. Nb3
f4 22. Nd2 fxg3 23. hxg3 Bh6 24. Ne4 c5 25. bxc5 bxc5 26. Qb5 Rf5 27. Rab1 Raf8
28. Qb7 Qa2 29. Qb3+ Qxb3 30. Rxb3 c4 31. dxc4 Re5 32. f3 Rc8 33. c5 Bf8 34.
Rb7 Re7 35. Rxe7 Bxe7 36. Kg2 Kf7 37. Rd1 Rd8 38. Rc1 Ke6 39. Rc4 Kd5 40. Ra4
Rd7 41. Kf2 Rc7 42. Ke1 Bxc5 43. Ra5 Kc4 44. Nxc5 Rxc5 45. Rxa7 d3 46. Rxh7 Re5
47. Rc7+ Kb3 48. e4 Rh5 49. Kd2 Rh3 50. Rc3+ Kb2 51. Rxd3 Rxg3 52. Ke3 g5 53.
Kf2 Rh3 54. Re3 Kc2 55. e5 Kd2 56. Re4 1-0

[Event "23. Erfurter Schachfestival 2013 / Meis"]
[Site "Erfurt"]
[Date "2013.12.30"]
[Round "8.1"]
[White "Richter, Michael"]
[Black "Meister, Jakob"]
[Result "1/2-1/2"]
[WhiteElo "2461"]
[BlackElo "2492"]
[PlyCount "43"]
[EventDate "2013.12.26"]
[EventRounds "8"]
[EventCountry "GER"]

1. d4 d5 2. c4 e6 3. Nc3 Nf6 4. cxd5 exd5 5. Bg5 c6 6. e3 h6 7. Bh4 Be7 8. Bd3
Nbd7 9. Qc2 O-O 10. Nge2 Re8 11. f3 c5 12. O-O a6 13. Rad1 cxd4 14. Nxd4 Ne5
15. Rfe1 Nxd3 16. Qxd3 Be6 17. Bf2 Qc7 18. Nxe6 fxe6 19. e4 Red8 20. exd5 exd5
21. Kh1 Bb4 22. Bd4 1/2-1/2

[Event "23. Erfurter Schachfestival 2013 / Meis"]
[Site "Erfurt"]
[Date "2013.12.30"]
[Round "8.3"]
[White "Wichmann, Cliff"]
[Black "Kasparov, Sergey"]
[Result "1/2-1/2"]
[WhiteElo "2361"]
[BlackElo "2487"]
[PlyCount "93"]
[EventDate "2013.12.26"]
[EventRounds "8"]
[EventCountry "GER"]

1. d4 Nf6 2. Nf3 d6 3. c4 Nbd7 4. Nc3 e5 5. Bg5 Be7 6. e3 O-O 7. Qc2 c6 8. Be2
Re8 9. O-O Qc7 10. h3 a6 11. Rfd1 b6 12. Rd2 Bb7 13. Rad1 Rad8 14. Bh4 b5 15.
a3 Qc8 16. c5 dxc5 17. dxe5 Nd5 18. Bxe7 Rxe7 19. Ne4 Nxe5 20. Nxc5 Rde8 21.
Nxb7 Qxb7 22. Nxe5 Rxe5 23. Bf3 g6 24. Rc1 R8e6 25. Qc5 Kg7 26. Qd4 Kg8 27. Rc5
Qe7 28. Bxd5 Rxd5 29. Rxd5 cxd5 30. Qxd5 Kg7 31. Qd4+ Qf6 32. Kf1 Rc6 33. Ke2
Rc1 34. Kd3 h5 35. e4 h4 36. Qxf6+ Kxf6 37. Rc2 Rd1+ 38. Ke3 Re1+ 39. Re2 Rg1
40. f4 Ke6 41. Kf3 f5 42. exf5+ Kxf5 43. Re5+ Kf6 44. Rc5 Rb1 45. Rc2 Kf5 46.
Rc5+ Kf6 47. Rc2 1/2-1/2

[Event "23. Erfurter Schachfestival 2013 / Meis"]
[Site "Erfurt"]
[Date "2013.12.30"]
[Round "8.4"]
[White "Jaracz, Pawel"]
[Black "Hundack, Rolf"]
[Result "1-0"]
[WhiteElo "2503"]
[BlackElo "2243"]
[PlyCount "55"]
[EventDate "2013.12.26"]
[EventRounds "8"]
[EventCountry "GER"]

1. Nf3 Nf6 2. c4 d6 3. d4 g6 4. Nc3 Bg7 5. g3 O-O 6. Bg2 c5 7. d5 e6 8. dxe6
Bxe6 9. Ng5 Bxc4 10. Bxb7 Nbd7 11. Qxd6 Rb8 12. Bg2 Re8 13. O-O Bxe2 14. Nxe2
Rxe2 15. Qa6 Qe8 16. Qxa7 h6 17. Nf3 Rb4 18. a4 Ne4 19. a5 Bxb2 20. Ra2 Nxf2
21. Bd2 Ng4 22. Bxb4 Rxg2+ 23. Kxg2 Qe2+ 24. Kg1 Qe3+ 25. Kh1 Qe2 26. Qa8+ Kh7
27. Re1 Qf2 28. Bc3 1-0

[Event "23. Erfurter Schachfestival 2013 / Meis"]
[Site "Erfurt"]
[Date "2013.12.30"]
[Round "8.5"]
[White "Lubbe, Nikolas"]
[Black "Ackermann, Hans Werner"]
[Result "1-0"]
[WhiteElo "2426"]
[BlackElo "2280"]
[PlyCount "51"]
[EventDate "2013.12.26"]
[EventRounds "8"]
[EventCountry "GER"]

1. e4 c5 2. Nf3 a6 3. c4 e6 4. Nc3 Qc7 5. d4 cxd4 6. Nxd4 Nf6 7. Be2 Bb4 8. Qd3
Nc6 9. O-O h5 10. Nxc6 dxc6 11. h3 e5 12. Be3 Be6 13. Rad1 Qa5 14. Bd2 Nd7 15.
a3 Bxc3 16. Bxc3 Qc7 17. b4 c5 18. bxc5 O-O-O 19. c6 Qxc6 20. Qe3 g5 21. c5 g4
22. Rd6 Qc7 23. Rfd1 g3 24. c6 Nb8 25. cxb7+ Qxb7 26. Qc5+ 1-0

[Event "23. Erfurter Schachfestival 2013 / Meis"]
[Site "Erfurt"]
[Date "2013.12.30"]
[Round "8.6"]
[White "Hansch, Karsten"]
[Black "Seger, Ruediger"]
[Result "1/2-1/2"]
[WhiteElo "2166"]
[BlackElo "2374"]
[PlyCount "44"]
[EventDate "2013.12.26"]
[EventRounds "8"]
[EventCountry "GER"]

1. c4 Nf6 2. g3 c6 3. Bg2 d5 4. Nf3 g6 5. b3 Bg7 6. Bb2 O-O 7. O-O Nbd7 8. d3
Re8 9. Nc3 e5 10. cxd5 cxd5 11. Rc1 a6 12. Rc2 b5 13. d4 e4 14. Ne5 Bb7 15. f3
Rc8 16. Qb1 Qb6 17. Nxd7 Nxd7 18. fxe4 dxe4 19. e3 f5 20. g4 fxg4 21. Nxe4 Rxc2
22. Qxc2 Qe6 1/2-1/2

[Event "23. Erfurter Schachfestival 2013 / Meis"]
[Site "Erfurt"]
[Date "2013.12.30"]
[Round "8.7"]
[White "Smerdon, David"]
[Black "Schoene, Maria"]
[Result "1-0"]
[WhiteElo "2523"]
[BlackElo "2223"]
[PlyCount "75"]
[EventDate "2013.12.26"]
[EventRounds "8"]
[EventCountry "GER"]

1. e4 c5 2. c3 Nf6 3. e5 Nd5 4. d4 cxd4 5. Nf3 Nc6 6. cxd4 d6 7. Bc4 dxe5 8.
dxe5 Ndb4 9. Qxd8+ Nxd8 10. Na3 Be6 11. Be2 g6 12. Bd2 Nd5 13. Nd4 Bg7 14. Nxe6
Nxe6 15. Bb5+ Kf8 16. Bc4 Nb6 17. Bxe6 fxe6 18. f4 Kf7 19. Ke2 a6 20. h4 Rac8
21. Rac1 h6 22. g3 Nd5 23. Rxc8 Rxc8 24. Rc1 Rf8 25. Kf3 Kg8 26. Ke4 g5 27. h5
gxf4 28. gxf4 Rf5 29. Rh1 Rf8 30. Nc2 Rc8 31. Nd4 Kf7 32. Rg1 Rc4 33. b3 Nc3+
34. Bxc3 Rxc3 35. Nxe6 Kxe6 36. Rxg7 Kd7 37. f5 Kd8 38. Rg8+ 1-0

[Event "23. Erfurter Schachfestival 2013 / Meis"]
[Site "Erfurt"]
[Date "2013.12.30"]
[Round "8.8"]
[White "Zwahr, Paul"]
[Black "Tonndorf, Matthias"]
[Result "1/2-1/2"]
[WhiteElo "2374"]
[BlackElo "2219"]
[PlyCount "118"]
[EventDate "2013.12.26"]
[EventRounds "8"]
[EventCountry "GER"]

1. e4 c5 2. Nf3 e6 3. d4 cxd4 4. Nxd4 a6 5. Bd3 Qc7 6. O-O Nf6 7. Qe2 d6 8. c4
g6 9. Nc3 Bg7 10. Rd1 O-O 11. Nf3 Nbd7 12. Bc2 Ng4 13. Bf4 Nge5 14. Nxe5 Nxe5
15. Bb3 b6 16. Rac1 Bb7 17. Na4 Rab8 18. f3 Ba8 19. Be3 Rfd8 20. Qd2 Bf8 21.
Qf2 Nd7 22. Nc3 Nc5 23. Bc2 Nd7 24. Bd3 Ne5 25. Bf1 Rdc8 26. b3 Be7 27. Bd4 Qb7
28. Be3 Rc6 29. Qd2 Rbc8 30. Bd4 R6c7 31. Rc2 Nc6 32. Be3 Ne5 33. Bg5 Bf8 34.
Bf6 Nd7 35. Bd4 Ne5 36. h4 b5 37. cxb5 axb5 38. Rdc1 b4 39. Nb5 Rxc2 40. Rxc2
Rxc2 41. Qxc2 Nc6 42. Be3 Qe7 43. Qd2 Qd8 44. Bg5 Qd7 45. h5 d5 46. hxg6 hxg6
47. exd5 exd5 48. Be3 Bb7 49. Nd4 Bc5 50. Bb5 Qe7 51. Bf2 Nxd4 52. Bxd4 Bxd4+
53. Qxd4 Qe1+ 54. Kh2 Qc3 55. Qf4 Bc8 56. g4 Be6 57. Kg3 Qc5 58. Bd3 Qc3 59.
Qe3 Kg7 1/2-1/2